Nemesis ? The Story of Otto Strasser / (Record no. 186079)
[ view plain ]
| 000 -LEADER | |
|---|---|
| fixed length control field | 00374 a2200157 4500 |
| 003 - CONTROL NUMBER IDENTIFIER | |
| control field | Nust |
| 005 - DATE AND TIME OF LATEST TRANSACTION | |
| control field | 20230125114855.0 |
| 040 ## - CATALOGING SOURCE | |
| Transcribing agency | Nust |
| 082 ## - DEWEY DECIMAL CLASSIFICATION NUMBER | |
| Classification number | 863,REE |
| 100 ## - MAIN ENTRY--PERSONAL NAME | |
| Personal name | Reed,Douglas |
| 9 (RLIN) | 49970 |
| 245 ## - TITLE STATEMENT | |
| Title | Nemesis ? The Story of Otto Strasser / |
| Statement of responsibility, etc. | Douglas Reed |
| 260 ## - PUBLICATION, DISTRIBUTION, ETC. | |
| Place of publication, distribution, etc. | London |
| Name of publisher, distributor, etc. | Jonathan Cap |
| 300 ## - PHYSICAL DESCRIPTION | |
| Extent | 350:p |
| 650 ## - SUBJECT ADDED ENTRY--TOPICAL TERM | |
| Topical term or geographic name entry element | Otto Strasser |
| 9 (RLIN) | 107626 |
| 942 ## - ADDED ENTRY ELEMENTS (KOHA) | |
| Source of classification or shelving scheme | |
| Koha item type | Book |
| Withdrawn status | Lost status | Source of classification or shelving scheme | Damaged status | Not for loan | Permanent Location | Current Location | Shelving location | Date acquired | Shelving control number | Full call number | Barcode | Date last seen | Price effective from | Koha item type | Public note |
|---|---|---|---|---|---|---|---|---|---|---|---|---|---|---|---|
| Military College of Signals (MCS) | Military College of Signals (MCS) | Fiction | 12/12/2016 | English Literature | 863,REE | MCS29444 | 12/08/2016 | 12/12/2016 | Book | Almirah No.58, Shelf No.2 |
